| 000 | 00598nam a2200217 a 4500 | ||
|---|---|---|---|
| 001 | BRCA_7630 | ||
| 005 | 20190320205923.0 | ||
| 008 | 090713s1957----mx-#######---#000-0#fre-# | ||
| 041 | _afre | ||
| 044 | _amx | ||
| 050 | 4 |
_aGR455 _b.V55 1957 |
|
| 100 | 1 |
_aVillaseñor, Eduardo _910471 |
|
| 245 | 1 | 0 |
_aLa farce et la mort au Mexique _cEduardo Villaseñor. |
| 260 |
_aMéxico _bInstitut Francais d´Amerique Latine _c1957 |
||
| 300 |
_a27 p. _c23 cm. |
||
| 500 | _aT45 | ||
| 650 | 1 | 4 |
_aMuerte _vFestejos _918823 |
| 651 | 4 |
_aMéxico _xVida social y costumbres _9769 |
|
| 902 | _aGFM | ||
| 942 |
_2lcc _cB |
||
| 999 |
_c7304 _d7304 |
||